header

Recognizing catastrophic incident warning signs in the process industries (Record no. 78122)

MARC details
000 -LEADER
fixed length control field 02286nam a2200337 a 4500
082 04 - DEWEY DECIMAL CLASSIFICATION NUMBER
Classification number 660/.2804
245 00 - TITLE STATEMENT
Title Recognizing catastrophic incident warning signs in the process industries
260 ## - PUBLICATION, DISTRIBUTION, ETC. (IMPRINT)
Place of publication Hoboken, N.J. :
Name of publisher John Wiley & Sons,
Year of publication c2012.
300 ## - PHYSICAL DESCRIPTION
Number of Pages xxix, 227 p. :
Other physical details ill.
520 ## - SUMMARY, ETC.
Summary, etc "This book provides guidance on characterizing, recognizing, and responding to warning signs to help avoid process incidents and injuries before they occur. The guidance can be used by both process safety management (PSM) professionals in evaluating their processes and PSM systems as well as for operators who are often the frontline defense against process incidents. Warning signs may consist of process deviations or upsets, instrumentation warnings or alarms, past operating history and incidents, observable problems such as corrosion or unusual odors, audit results indicating procedures are not being followed, or a number of other indicators. Filled with photos and practical tips, this book will turn anyone in a process plant into a hazard lookout and will help prevent potential incidents before they turn into catastrophic events"--
650 #0 - SUBJECT ADDED ENTRY--TOPICAL TERM
Topical Term Chemical engineering
Topical Term Chemicals
Topical Term Warnings.
856 40 - ELECTRONIC LOCATION AND ACCESS
Uniform Resource Identifier http://site.ebrary.com/lib/rucke/Doc?id=10575459
520 ## - SUMMARY, ETC.
-- Provided by publisher.

No items available.

© 2026 Rongo University
Contact us: librarian | system librarian | Rongo university